000 00329nam a22001337a 4500
008 241130b |||||||| |||| 00| 0 eng d
022 _a9772278044000
041 _aEng
245 _aForbes India
260 _aMumbai
_bNetwork18 Media & Investment
_c2024
300 _a116;. P.
856 _uwww.forbesindia.com
942 _cSR
_s1
999 _c43155
_d43155